Rugby World Cups - Semi Final Dropped Goals - Statistics

General Stats
  • This quiz has been taken 69 times
  • The average score is 7 of 10
Answer Stats
Year Answer % Correct
2015 Daniel Carter
97%
2003 (3dgs) Jonny Wilkinson
95%
2011 Aaron Cruden
82%
1999 Stephen Larkham
82%
2011 Quade Cooper
74%
1995 Andrew Mehrtens
73%
1995 Zinzan Brooke
65%
1991 Rob Andrew
62%
1987 Michael Lynagh
61%
1999 (2dgs) Christophe Lamaison
35%
No matching quizzes found
Score Distribution
Percent of People with Each Score
Percentile by Number Answered
Your Score History
You have not taken this quiz